Villes mondiales finissant par O #2 - Statistiques

Statistiques générales
  • Ce quiz a été pris 80 fois
    38 depuis la dernière actualisation
  • Le résultat moyen est 14 sur 20
Statistiques - réponses
Question Villes % Correct
Préfecture du 2A Ajaccio
100%
Capitale officielle du Chili Santiago
97%
Capitale du Japon Tokyo
97%
Anagramme de la ville précédente Kyoto
94%
Capitale de la Bosnie-Herzégovine Sarajevo
94%
Prénom de l'acteur nommé Bloom, ville des USA abritant Walt Disney World Orlando
88%
Capitale de la Somalie Mogadiscio
82%
Capitale du Mozambique Maputo
79%
Capitale du pays dont le nom sépare deux hémisphères Quito
79%
Ville surnommée le "Las Vegas asiatique" juste en face de Hong Kong Macao
70%
Grand cap de détention du Cuba Guantanamo
64%
Ville du sud de la Corse connues pour ses bouches Bonifacio
58%
Capitale des champions du monde de foot de 1930 et 1950 Montevideo
58%
Capitale officielle de la Californie Sacramento
58%
En Espagne cette ville accueille le Celta Vigo
52%
Capitale de la Guinée Équatoriale Malabo
48%
Grande station balnéaire du sud du Mexique Acapulco
42%
En Suède, elle est surplombée par le Turning Torso Malmö
36%
Troisième ville de l'Argentine après Buenos Aires et Cordoba Rosario
36%
Ville du Venezuela sur son lac éponyme Maracaibo
21%
Aucun quiz correspondant
Distribution des résultats
% des personnes avec chaque résultat
Percentile par nombre de réponses
Votre historique - résultats
Vous n’avez pas pris ce quiz depuis la dernière actualisation